000 00630nam a2200277Ia 4500
008 160716s9999||||xx |||||||||||||| ||und||
040 _cEnglish
082 _aXIE/
082 _bBORI-64909
100 _aKaran Singh
245 _aEssays On Hindism
260 _aNew Delhi
260 _bRatna Sagar Pvt. Ltd
300 _aVi+190
300 _cB
300 _eHardbound
530 _u00064909.pdf
563 _aStudy
600 _aKaran Singh
630 _aEssays On Hindism
650 _aGeneral Indology
650 _aReligion
700 _aKaran Singh
730 _aEssays On Hindism
942 _cBOOK
999 _c1397643
_d1397640